[Event "Gatineau Benevoles"]
[Site "Gatineau"]
[Date "2012.09.11"]
[Round "1"]
[White "Danilov, Alex"]
[Black "Berthiaume, Patrick"]
[Result "1-0"]
[WhiteElo "1693"]
[BlackElo "1413"]
[PlyCount "55"]
[EventDate "2012.09.11"]
[EventType "swiss"]
[EventRounds "4"]
[EventCountry "CAN"]
[SourceTitle "EXT 2022"]
[Source "ChessBase"]
[SourceDate "2021.10.06"]
[SourceVersion "1"]
[SourceVersionDate "2021.10.06"]
[SourceQuality "1"]

1. Nf3 Nf6 2. c4 Nc6 3. g3 e5 4. Bg2 Bc5 5. e3 h6 6. 0-0 e4 7. Ne1 0-0 8. Nc3 Re8 9. Qc2 Nb4 10. Qb1 Qe7 11. a3 Nc6 12. b4 Bd6 13. Bb2 b6 14. d3 exd3 15. b5 Bb7 16. bxc6 dxc6 17. Nxd3 Rad8 18. Qc2 Rd7 19. Rad1 Red8 20. Bh3 c5 21. Nd5 Nxd5 22. cxd5 Bxd5 23. Qc3 f6 24. Nf4 Bf3 25. Qc4+ Kh8 26. Ng6+ Kh7 27. Nxe7 Rxe7 28. Rd2 1-0

[Event "Gatineau LEO-B"]
[Site "Gatineau"]
[Date "2012.05.08"]
[Round "5"]
[White "Berthiaume, Patrick"]
[Black "Danilov, Alexandre"]
[Result "0-1"]
[WhiteElo "1355"]
[BlackElo "1680"]
[PlyCount "42"]
[EventDate "2012.04.10"]
[EventType "swiss"]
[EventRounds "6"]
[EventCountry "CAN"]
[SourceTitle "EXT 2013"]
[Source "ChessBase"]
[SourceDate "2012.11.22"]
[SourceVersion "1"]
[SourceVersionDate "2012.11.22"]
[SourceQuality "1"]

1. e4 c5 2. Nf3 e6 3. d4 cxd4 4. Nxd4 Nc6 5. Nc3 Qc7 6. g3 a6 7. a4 d6 8. Bg2 Bd7 9. 0-0 Nf6 10. Bg5 Be7 11. Nb3 0-0 12. Qe2 Rac8 13. a5 Ne5 14. Be3 Nc4 15. Rfb1 Nxb2 16. Rxb2 Qxc3 17. Rab1 Qc4 18. Qd2 Nxe4 19. Bxe4 Qxe4 20. Nd4 Rc7 21. Ne2 Bc6 0-1

[Event "Gatineau LEO-B"]
[Site "Gatineau"]
[Date "2012.04.24"]
[Round "3"]
[White "Berthiaume, Patrick"]
[Black "Simard, Paul"]
[Result "1-0"]
[WhiteElo "1355"]
[BlackElo "1170"]
[PlyCount "47"]
[EventDate "2012.04.10"]
[EventType "swiss"]
[EventRounds "6"]
[EventCountry "CAN"]
[SourceTitle "EXT 2013"]
[Source "ChessBase"]
[SourceDate "2012.11.22"]
[SourceVersion "1"]
[SourceVersionDate "2012.11.22"]
[SourceQuality "1"]

1. e4 e5 2. Nf3 Nc6 3. Bb5 a6 4. Ba4 Nf6 5. 0-0 g6 6. d3 Bg7 7. Bg5 0-0 8. Nbd2 b5 9. Bb3 Na5 10. c3 c6 11. d4 exd4 12. cxd4 Qc7 13. Rc1 Qb6 14. e5 Nd5 15. Ne4 Nb7 16. Bxd5 cxd5 17. Nf6+ Bxf6 18. Bxf6 d6 19. Qd2 dxe5 20. dxe5 Nc5 21. Qh6 Ne6 22. Ng5 Re8 23. Qxh7+ Kf8 24. Qh8# 1-0

[Event "Gatineau Defi Nez Rouge"]
[Site "Gatineau"]
[Date "2011.12.13"]
[Round "3"]
[White "Pilon, Robert"]
[Black "Berthiaume, Patrick"]
[Result "1-0"]
[WhiteElo "1463"]
[BlackElo "1311"]
[PlyCount "33"]
[EventDate "2011.11.29"]
[EventType "swiss"]
[EventRounds "4"]
[EventCountry "CAN"]
[SourceTitle "EXT 2013"]
[Source "ChessBase"]
[SourceDate "2012.11.22"]
[SourceVersion "1"]
[SourceVersionDate "2012.11.22"]
[SourceQuality "1"]

1. e4 e5 2. Nf3 Nc6 3. Bc4 Bc5 4. b4 Bxb4 5. c3 Ba5 6. 0-0 Nf6 7. Ba3 d6 8. d4 exd4 9. cxd4 Nxe4 10. Nbd2 Nxd2 11. Nxd2 Bc3 12. Qf3 Qf6 13. Qxc3 Qxd4 14. Rfe1+ Kf8 15. Qf3 f6 16. Qh5 g6 17. Qh6# 1-0

[Event "Gatineau LEO-B"]
[Site "Gatineau"]
[Date "2010.04.13"]
[Round "1"]
[White "Lavergne, Daniel"]
[Black "Berthiaume, Patrick"]
[Result "1-0"]
[WhiteElo "1600"]
[BlackElo "1256"]
[PlyCount "57"]
[EventDate "2010.04.13"]
[EventType "swiss"]
[EventRounds "6"]
[EventCountry "CAN"]
[SourceTitle "EXT 2011"]
[Source "ChessBase"]
[SourceDate "2010.11.26"]
[SourceVersion "1"]
[SourceVersionDate "2010.11.26"]
[SourceQuality "1"]

1. d4 d5 2. c4 c6 3. Nf3 Nf6 4. Nc3 e6 5. Bf4 Be7 6. e3 0-0 7. Bd3 dxc4 8. Bxc4 b5 9. Bd3 b4 10. Ne2 a5 11. h3 Ba6 12. 0-0 Nd5 13. Bg3 c5 14. Bxa6 Nxa6 15. Qd3 Nb6 16. Rac1 c4 17. Qb1 Rc8 18. Ne5 f6 19. Nf3 Bd6 20. Qe4 Re8 21. Bxd6 Qxd6 22. Rfd1 Nc7 23. g4 Qd5 24. Qf4 g5 25. Qxf6 h6 26. Qg6+ Kf8 27. Qxh6+ Kf7 28. Ne5+ Ke7 29. Qxg5+ 1-0

[Event "Gatineau CEH op"]
[Site "Gatineau"]
[Date "2010.01.26"]
[Round "3"]
[White "Dagenais, Benoit"]
[Black "Berthiaume, Patrick"]
[Result "1-0"]
[WhiteElo "1264"]
[BlackElo "1256"]
[PlyCount "89"]
[EventDate "2010.01.12"]
[EventType "swiss"]
[EventRounds "7"]
[EventCountry "CAN"]
[SourceTitle "EXT 2011"]
[Source "ChessBase"]
[SourceDate "2010.11.26"]
[SourceVersion "1"]
[SourceVersionDate "2010.11.26"]
[SourceQuality "1"]

1. e4 e6 2. d4 d5 3. e5 c5 4. c3 Nc6 5. Nf3 cxd4 6. cxd4 Qb6 7. Bd3 Nge7 8. 0-0 Bd7 9. Nc3 Nxd4 10. Nxd4 Qxd4 11. Bb5 Qxd1 12. Bxd7+ Kxd7 13. Rxd1 Nc6 14. f4 Bb4 15. Ne4 Ke7 16. Ng5 h6 17. Nf3 Rhf8 18. Be3 Rad8 19. a3 Ba5 20. Bc5+ Ke8 21. Kf1 Bc7 22. Rac1 f6 23. Bd4 Nxd4 24. Nxd4 Kd7 25. Rxc7+ Kxc7 26. Nxe6+ Kc6 27. Nxd8+ Rxd8 28. exf6 gxf6 29. Rd3 Kd6 30. Rh3 Rh8 31. Rh5 Ke6 32. g4 Rg8 33. h3 Rh8 34. Ke2 Kd6 35. Kd3 Kc5 36. b4+ Kd6 37. Kd4 Re8 38. Rxd5+ Kc6 39. Rf5 Rd8+ 40. Kc3 Rf8 41. g5 hxg5 42. fxg5 Kd6 43. Rxf6+ Rxf6 44. gxf6 Ke6 45. Kd4 1-0

[Event "Gatineau CEH op"]
[Site "Gatineau"]
[Date "2010.01.12"]
[Round "1"]
[White "Berthiaume, Patrick"]
[Black "Scantland, Patrick"]
[Result "0-1"]
[WhiteElo "1256"]
[BlackElo "1759"]
[PlyCount "100"]
[EventDate "2010.01.12"]
[EventType "swiss"]
[EventRounds "7"]
[EventCountry "CAN"]
[SourceTitle "EXT 2011"]
[Source "ChessBase"]
[SourceDate "2010.11.26"]
[SourceVersion "1"]
[SourceVersionDate "2010.11.26"]
[SourceQuality "1"]

1. e4 c5 2. Nf3 d6 3. d4 cxd4 4. Nxd4 Nf6 5. Nc3 a6 6. Be2 e5 7. Nb3 Be7 8. 0-0 0-0 9. Be3 Be6 10. f3 b5 11. a3 Nbd7 12. Qd2 Rc8 13. Rfd1 Nb6 14. Bxb6 Qxb6+ 15. Kh1 Rfd8 16. a4 b4 17. Nd5 Nxd5 18. exd5 Bf5 19. a5 Qb7 20. Bd3 Bd7 21. Be2 f5 22. Nc1 Bf6 23. b3 Re8 24. Na2 Rb8 25. Bc4 e4 26. Rac1 exf3 27. gxf3 Bd8 28. Qf4 Re5 29. Bd3 Bxa5 30. Re1 Rbe8 31. Rxe5 Rxe5 32. Kg2 Bc8 33. Qc4 Kf8 34. f4 Qxd5+ 35. Qxd5 Rxd5 36. Kf3 Bb7 37. Ke3 Bb6+ 38. Kd2 a5 39. Re1 Ba6 40. Nc1 Bxd3 41. Nxd3 Kf7 42. h4 Bd4 43. Re2 Bc3+ 44. Ke3 a4 45. bxa4 Ra5 46. Nc1 Rxa4 47. Kd3 Ra1 48. Nb3 Rh1 49. Kc4 Rxh4 50. Rf2 g5 0-1

[Event "Gatineau Defi Nez-B"]
[Site "Gatineau"]
[Date "2009.12.15"]
[Round "5"]
[White "Jani, Louis"]
[Black "Berthiaume, Patrick"]
[Result "1-0"]
[WhiteElo "1404"]
[BlackElo "1216"]
[PlyCount "43"]
[EventDate "2009.11.17"]
[EventType "swiss"]
[EventRounds "5"]
[EventCountry "CAN"]
[SourceTitle "EXT 2011"]
[Source "ChessBase"]
[SourceDate "2010.11.26"]
[SourceVersion "1"]
[SourceVersionDate "2010.11.26"]
[SourceQuality "1"]

1. e4 c5 2. Nf3 d6 3. d4 cxd4 4. Nxd4 Nf6 5. Nc3 e5 6. Nf3 a6 7. Bc4 Nc6 8. Ng5 Be6 9. Nxe6 fxe6 10. Bxe6 Qa5 11. 0-0 Nd4 12. Bd5 0-0-0 13. Be3 Qc5 14. Rc1 b5 15. Kh1 a5 16. Be6+ Kb8 17. Nd5 Re8 18. Nxf6 gxf6 19. Bd5 f5 20. c3 f4 21. cxd4 Qb4 22. Qc2 1-0

[Event "Hull CC 29 Anniv-B"]
[Site "Gatineau"]
[Date "2009.09.15"]
[Round "2"]
[White "Berthiaume, Patrick"]
[Black "Arsenault, Yves"]
[Result "0-1"]
[WhiteElo "1176"]
[BlackElo "1402"]
[PlyCount "42"]
[EventDate "2009.09.08"]
[EventType "swiss"]
[EventRounds "5"]
[EventCountry "CAN"]
[SourceTitle "EXT 2011"]
[Source "ChessBase"]
[SourceDate "2010.11.26"]
[SourceVersion "1"]
[SourceVersionDate "2010.11.26"]
[SourceQuality "1"]

1. e4 c5 2. Nf3 Nc6 3. c3 e5 4. d4 cxd4 5. cxd4 exd4 6. Nxd4 Bc5 7. Nxc6 bxc6 8. Bc4 Qe7 9. 0-0 Bb7 10. Qd3 Nf6 11. Bg5 h6 12. Bxf6 Qxf6 13. Nc3 0-0-0 14. Rad1 d6 15. Qg3 Bb6 16. Rfe1 Bc7 17. Qd3 Rhe8 18. Re3 Qg6 19. Rg3 Qh5 20. Rxg7 d5 21. exd5 Qxh2+ 0-1

[Event "Gatineau Fischer Memorial"]
[Site "Gatineau"]
[Date "2009.02.10"]
[Round "4"]
[White "MacIsaac, Alexandre"]
[Black "Berthiaume, Patrick"]
[Result "1/2-1/2"]
[WhiteElo "1452"]
[BlackElo "1233"]
[PlyCount "115"]
[EventDate "2009.01.20"]
[EventType "swiss"]
[EventRounds "6"]
[EventCountry "CAN"]
[SourceTitle "EXT 2011"]
[Source "ChessBase"]
[SourceDate "2010.11.26"]
[SourceVersion "1"]
[SourceVersionDate "2010.11.26"]
[SourceQuality "1"]

1. e4 e6 2. d4 d5 3. e5 c5 4. c3 Nc6 5. Nf3 Qb6 6. Qb3 cxd4 7. Qxb6 axb6 8. cxd4 Nb4 9. Bb5+ Bd7 10. Bxd7+ Kxd7 11. Na3 Rxa3 12. bxa3 Nc2+ 13. Kd2 Nxa1 14. Bb2 Be7 15. Rxa1 Nh6 16. h3 Ra8 17. Rb1 Bxa3 18. Ng5 Be7 19. Nxh7 Rxa2 20. Kc3 Ra8 21. Bc1 Rc8+ 22. Kd3 Rh8 23. Bxh6 gxh6 24. Nf6+ Bxf6 25. exf6 Kc6 26. Rc1+ Kd6 27. Rb1 Kc6 28. Rc1+ Kd6 29. Rb1 Kc6 30. Ke3 Rg8 31. Rc1+ Kd6 32. Rb1 Kc6 33. Rc1+ Kd6 34. g4 Rg6 35. Rc8 Rxf6 36. Rh8 Rg6 37. Rh7 Ke7 38. f4 b5 39. Rh8 Kd7 40. Rf8 Rf6 41. g5 hxg5 42. fxg5 Rf5 43. h4 b4 44. Kd3 Rf3+ 45. Kc2 b3+ 46. Kb2 Ke7 47. Rh8 Rd3 48. h5 Rxd4 49. Rh7 Kf8 50. h6 Kg8 51. Rg7+ Kf8 52. Rh7 Rh4 53. Rh8+ Ke7 54. Rh7 Kf8 55. Rh8+ Ke7 56. Kxb3 e5 57. Rb8 Ke6 58. Rxb7 1/2-1/2

[Event "Gatineau Fischer Memorial"]
[Site "Gatineau"]
[Date "2009.01.20"]
[Round "1"]
[White "Thibault, David"]
[Black "Berthiaume, Patrick"]
[Result "1-0"]
[WhiteElo "1665"]
[BlackElo "1233"]
[PlyCount "41"]
[EventDate "2009.01.20"]
[EventType "swiss"]
[EventRounds "6"]
[EventCountry "CAN"]
[SourceTitle "EXT 2011"]
[Source "ChessBase"]
[SourceDate "2010.11.26"]
[SourceVersion "1"]
[SourceVersionDate "2010.11.26"]
[SourceQuality "1"]

1. e4 e5 2. Nf3 Nc6 3. Bc4 Bc5 4. d3 Nf6 5. h3 d6 6. Nc3 Bd7 7. a3 a5 8. Bg5 h6 9. Bh4 Nd4 10. Nd5 b5 11. Ba2 c6 12. Nxf6+ gxf6 13. Nxd4 Bxd4 14. c3 Bc5 15. Qf3 Rg8 16. Bxf6 Qb6 17. Bxf7+ Kf8 18. Bxg8 Kxg8 19. Qg3+ Kf7 20. Qg7+ Ke6 21. Qe7# 1-0

[Event "Gatineau Defi Nez rouge B"]
[Site "Gatineau"]
[Date "2008.12.16"]
[Round "4"]
[White "Pilon, Robert"]
[Black "Berthiaume, Patrick"]
[Result "1-0"]
[WhiteElo "1443"]
[BlackElo "1250"]
[PlyCount "107"]
[EventDate "2008.11.25"]
[EventType "swiss"]
[EventRounds "5"]
[EventCountry "CAN"]
[SourceTitle "EXT 2022"]
[Source "ChessBase"]
[SourceDate "2021.10.06"]
[SourceVersion "1"]
[SourceVersionDate "2021.10.06"]
[SourceQuality "1"]

1. e4 c5 2. Nf3 e6 3. c3 d5 4. exd5 exd5 5. d4 Nc6 6. Be3 Qb6 7. Qc2 c4 8. Nbd2 Nf6 9. Be2 g6 10. Nh4 Ng4 11. Bxg4 Bxg4 12. h3 Be6 13. f4 Ne7 14. Ndf3 Nf5 15. Nxf5 Bxf5 16. Qd2 0-0-0 17. 0-0 Bd6 18. Ne5 Bxe5 19. dxe5 Qe6 20. b4 Rhe8 21. Bd4 h5 22. a4 a6 23. a5 Bd3 24. Rf2 Kb8 25. Qb2 Qc6 26. Qd2 Re6 27. Rf3 h4 28. Qf2 Rh8 29. Kh2 Rh5 30. Rg1 Be4 31. g4 Bxf3 32. gxh5 Bxh5 33. Qxh4 Qd7 34. Qf2 f5 35. Rg3 Qf7 36. Ba7+ Ka8 37. Bb6 Qd7 38. Qc5 Rc6 39. Qf8+ Rc8 40. Qf6 Rc6 41. Qg5 Re6 42. Rg2 Qe7 43. Qg3 Qd7 44. Rd2 Qc6 45. Qg2 Re7 46. Qxd5 Qxd5 47. Rxd5 Re8 48. Rd4 Be2 49. Kg3 Kb8 50. Rd6 Bh5 51. Kh4 Kc8 52. Kg5 Rf8 53. e6 Re8 54. e7 1-0

[Event "Gatineau Maisonneuve Memorial"]
[Site "Gatineau"]
[Date "2008.10.28"]
[Round "2"]
[White "Briere, Gilles"]
[Black "Berthiaume, Patrick"]
[Result "1-0"]
[WhiteElo "1298"]
[BlackElo "1206"]
[PlyCount "51"]
[EventDate "2008.10.21"]
[EventType "swiss"]
[EventRounds "5"]
[EventCountry "CAN"]
[SourceTitle "EXT 2011"]
[Source "ChessBase"]
[SourceDate "2010.11.26"]
[SourceVersion "1"]
[SourceVersionDate "2010.11.26"]
[SourceQuality "1"]

1. e4 e6 2. d4 d5 3. e5 c5 4. Be3 c4 5. Nf3 Nc6 6. Be2 Qb6 7. b3 Na5 8. c3 cxb3 9. axb3 Nxb3 10. Ra2 Na5 11. Qc2 Bd7 12. Bd2 Ne7 13. 0-0 Nac6 14. Na3 Qc7 15. Nb5 Qb8 16. Nd6+ Kd8 17. Nxf7+ Ke8 18. Nxh8 Nf5 19. Ng5 b5 20. Nxh7 b4 21. Rb1 a5 22. Nxf8 Kxf8 23. Ng6+ Kf7 24. Bh5 Nfxd4 25. cxd4 Nxd4 26. Nf4+ 1-0

[Event "Gatineau Hull CC LEO-chC"]
[Site "Gatineau"]
[Date "2008.04.29"]
[Round "3"]
[White "MacIsaac, Alexandre"]
[Black "Berthiaume, Patrick"]
[Result "1/2-1/2"]
[WhiteElo "1372"]
[BlackElo "1214"]
[PlyCount "89"]
[EventDate "2008.04.15"]
[EventType "swiss"]
[EventRounds "6"]
[EventCountry "CAN"]
[SourceTitle "EXT 2022"]
[Source "ChessBase"]
[SourceDate "2021.10.06"]
[SourceVersion "1"]
[SourceVersionDate "2021.10.06"]
[SourceQuality "1"]

1. e4 e6 2. d4 d5 3. Nc3 Bb4 4. e5 c5 5. a3 Bxc3+ 6. bxc3 c4 7. Qg4 g6 8. Bg5 f6 9. exf6 Nxf6 10. Qf4 Kf7 11. Bxf6 Qxf6 12. Qxf6+ Kxf6 13. Nf3 Nc6 14. Be2 Bd7 15. 0-0 a5 16. Rab1 Rhb8 17. Rb6 Ra6 18. Rfb1 Ra7 19. Re1 Ra6 20. Ne5 Nxe5 21. dxe5+ Ke7 22. Reb1 Rxb6 23. Rxb6 Bc6 24. Bg4 h5 25. Bh3 Kf7 26. f4 Rg8 27. Kf2 g5 28. g3 g4 29. Bf1 Ra8 30. h3 Kg6 31. hxg4 hxg4 32. Be2 Kf5 33. Rb1 Rh8 34. Kg2 Rh7 35. Kf2 Rh2+ 36. Ke3 Rg2 37. Rb3 Rxe2+ 38. Kxe2 cxb3 39. cxb3 b5 40. Kd3 Bb7 41. Kd4 Ba6 42. Kc5 b4 43. axb4 axb4 44. cxb4 Ke4 45. b5 1/2-1/2

[Event "Gatineau Hull CC LEO-chC"]
[Site "Gatineau"]
[Date "2008.04.22"]
[Round "2"]
[White "Berthiaume, Patrick"]
[Black "Sunatori, Evelyne"]
[Result "0-1"]
[WhiteElo "1171"]
[BlackElo "1190"]
[PlyCount "102"]
[EventDate "2008.04.15"]
[EventType "swiss"]
[EventRounds "6"]
[EventCountry "CAN"]
[SourceTitle "EXT 2022"]
[Source "ChessBase"]
[SourceDate "2021.10.06"]
[SourceVersion "1"]
[SourceVersionDate "2021.10.06"]
[SourceQuality "1"]

1. d4 d5 2. c4 c6 3. Nc3 Nf6 4. Nf3 b6 5. Bf4 e6 6. e3 Bd6 7. Bg3 Bxg3 8. hxg3 Ba6 9. b3 c5 10. Bd3 cxd4 11. exd4 Nc6 12. Ne5 Qc7 13. Nxc6 Qxc6 14. Qf3 Bb7 15. Ne2 0-0-0 16. Rc1 Kb8 17. c5 Qd7 18. Qf4+ Ka8 19. cxb6 axb6 20. Qc7 Qxc7 21. Rxc7 Rdf8 22. Kd2 Ne4+ 23. Bxe4 dxe4 24. Ke3 g5 25. Rhc1 f5 26. Re7 Re8 27. Rcc7 Rxe7 28. Rxe7 Bc8 29. f3 exf3 30. gxf3 h5 31. f4 g4 32. Nc3 h4 33. Kf2 h3 34. Kg1 h2+ 35. Kh1 Bb7+ 36. Rxb7 Kxb7 37. d5 exd5 38. Nxd5 Re8 39. Kxh2 Re2+ 40. Kg1 Rxa2 41. Ne7 Ra5 42. b4 Rb5 43. Kf2 Kc7 44. Ke3 Kd6 45. Nc8+ Ke6 46. Kd4 Rxb4+ 47. Kc3 Rb1 48. Kc2 Rb5 49. Na7 Rc5+ 50. Kd3 Kd5 51. Kd2 Ke4 0-1

[Event "Gatineau Monarque Noir 2nd"]
[Site "Gatineau"]
[Date "2008.02.05"]
[Round "4"]
[White "Maisonneuve, Paul"]
[Black "Berthiaume, Patrick"]
[Result "1-0"]
[WhiteElo "1395"]
[BlackElo "1098"]
[PlyCount "51"]
[EventDate "2008.01.15"]
[EventType "swiss"]
[EventRounds "7"]
[EventCountry "CAN"]
[SourceTitle "EXT 2011"]
[Source "ChessBase"]
[SourceDate "2010.11.26"]
[SourceVersion "1"]
[SourceVersionDate "2010.11.26"]
[SourceQuality "1"]

1. d4 Nf6 2. Nf3 g6 3. Bf4 Bg7 4. e3 d5 5. h3 0-0 6. Be2 Ne4 7. Nbd2 f5 8. 0-0 c5 9. c3 cxd4 10. exd4 e6 11. Ne5 Nc6 12. Nxc6 bxc6 13. Nf3 Bd7 14. Ne5 g5 15. Bh2 f4 16. f3 Ng3 17. Bxg3 fxg3 18. Qe1 Bxe5 19. dxe5 Qc7 20. Qxg3 Rf5 21. f4 h6 22. Bd3 Rf7 23. fxg5 hxg5 24. Qxg5+ Rg7 25. Qf6 Rf8 26. Qxf8# 1-0

[Event "Gatineau Roger Roy Memorial"]
[Site "Gatineau"]
[Date "2007.11.13"]
[Round "5"]
[White "Labelle, Raymond"]
[Black "Berthiaume, Patrick"]
[Result "1-0"]
[WhiteElo "1485"]
[BlackElo "1038"]
[PlyCount "131"]
[EventDate "2007.10.16"]
[EventType "swiss"]
[EventRounds "5"]
[EventCountry "CAN"]
[SourceTitle "EXT 2022"]
[Source "ChessBase"]
[SourceDate "2021.10.06"]
[SourceVersion "1"]
[SourceVersionDate "2021.10.06"]
[SourceQuality "1"]

1. e4 e5 2. Nf3 Nf6 3. Nc3 Nc6 4. Bc4 Bc5 5. h3 d6 6. d3 Be6 7. Bxe6 fxe6 8. Na4 Bb6 9. Nxb6 axb6 10. Bg5 0-0 11. 0-0 Nd4 12. Nh4 h6 13. Be3 Nc6 14. Qe2 Nxe4 15. Qg4 Nf6 16. Qxe6+ Rf7 17. Nf5 Qd7 18. Qxd7 Rxd7 19. f4 exf4 20. Bxf4 Nb4 21. Rf2 Nxa2 22. c3 Rdd8 23. Rc2 Nd5 24. Bd2 Rf8 25. Ng3 Ra7 26. b3 Rfa8 27. Kf2 Rf8+ 28. Kg1 Rfa8 29. Ne2 g5 30. Nd4 c6 31. c4 Ndb4 32. Bxb4 Nxb4 33. Rxa7 Rxa7 34. Rd2 Ra1+ 35. Kf2 Ra2 36. Rxa2 Nxa2 37. Nf5 Nb4 38. Nxh6+ Kh7 39. Nf5 Nxd3+ 40. Kg3 d5 41. cxd5 cxd5 42. Kg4 Kg6 43. Ne7+ Kh6 44. Nxd5 Nc5 45. b4 Nd7 46. b5 Kg6 47. Nc3 Nf8 48. Ne4 Ne6 49. Nd6 Nc5 50. Nc4 Nd7 51. g3 Nf6+ 52. Kf3 Nd7 53. h4 gxh4 54. gxh4 Kh5 55. Kg3 Kh6 56. Nd6 Nc5 57. Kg4 Kg6 58. h5+ Kh6 59. Nf5+ Kh7 60. Kg5 Ne6+ 61. Kh4 Nf4 62. h6 Ng6+ 63. Kg5 Ne5 64. Nd6 Nc4 65. Nxb7 Nd6 66. Nxd6 1-0

[Event "Gatineau Roger Roy Memorial"]
[Site "Gatineau"]
[Date "2007.11.06"]
[Round "4"]
[White "Berthiaume, Patrick"]
[Black "Scantland, Patrick"]
[Result "0-1"]
[WhiteElo "1038"]
[BlackElo "1707"]
[PlyCount "48"]
[EventDate "2007.10.16"]
[EventType "swiss"]
[EventRounds "5"]
[EventCountry "CAN"]
[SourceTitle "EXT 2022"]
[Source "ChessBase"]
[SourceDate "2021.10.06"]
[SourceVersion "1"]
[SourceVersionDate "2021.10.06"]
[SourceQuality "1"]

1. e4 e5 2. Nf3 Nf6 3. Nxe5 d6 4. Nf3 Nxe4 5. d3 Nf6 6. Nc3 d5 7. d4 Be7 8. Be2 0-0 9. 0-0 c6 10. Bf4 Re8 11. Qd2 Bb4 12. Rfe1 Bf5 13. a3 Ne4 14. Qd3 Ba5 15. b4 Bb6 16. Na4 Nd7 17. c3 Bg6 18. Nb2 Nxf2 19. Qd2 Ne4 20. Qc2 Qf6 21. Be3 Re7 22. a4 Rae8 23. Nd1 Nf2 24. Kxf2 Bxc2 0-1

[Event "Gatineau Roger Roy Memorial"]
[Site "Gatineau"]
[Date "2007.10.23"]
[Round "2"]
[White "Sabourin, Yves"]
[Black "Berthiaume, Patrick"]
[Result "1/2-1/2"]
[WhiteElo "1345"]
[BlackElo "1038"]
[PlyCount "57"]
[EventDate "2007.10.16"]
[EventType "swiss"]
[EventRounds "5"]
[EventCountry "CAN"]
[SourceTitle "EXT 2022"]
[Source "ChessBase"]
[SourceDate "2021.10.06"]
[SourceVersion "1"]
[SourceVersionDate "2021.10.06"]
[SourceQuality "1"]

1. d4 d5 2. c4 c6 3. Nf3 Nf6 4. Bf4 Bf5 5. e3 e6 6. Nc3 Nbd7 7. h3 h6 8. Bd3 Bxd3 9. Qxd3 Be7 10. 0-0 Nh5 11. Bh2 a6 12. cxd5 exd5 13. Ne5 Nxe5 14. Bxe5 Bd6 15. Qf5 Nf6 16. Bxf6 Qxf6 17. Qxf6 gxf6 18. Rfe1 0-0-0 19. Na4 b5 20. Nc5 a5 21. Rac1 Rdg8 22. Nb3 a4 23. Rxc6+ Kd7 24. Na5 Bb4 25. Rec1 Bxa5 26. Rxf6 Ke8 27. Ra6 Bd2 28. Rd1 Bb4 29. Rb6 1/2-1/2

[Event "Gatineau Hull CC 28 Ann-B"]
[Site "Gatineau"]
[Date "2007.09.25"]
[Round "3"]
[White "Berthiaume, Patrick"]
[Black "Maisonneuve, Paul"]
[Result "0-1"]
[WhiteElo "1037"]
[BlackElo "1468"]
[PlyCount "72"]
[EventDate "2007.09.11"]
[EventType "swiss"]
[EventRounds "5"]
[EventCountry "CAN"]
[SourceTitle "EXT 2022"]
[Source "ChessBase"]
[SourceDate "2021.10.06"]
[SourceVersion "1"]
[SourceVersionDate "2021.10.06"]
[SourceQuality "1"]

1. e4 d6 2. d4 Nf6 3. Nc3 g6 4. Bd3 Bg7 5. Nf3 0-0 6. h3 c5 7. dxc5 dxc5 8. 0-0 Nc6 9. Be3 b6 10. Bb5 Bb7 11. Qxd8 Rfxd8 12. Rfd1 Nb4 13. Ba4 Nxe4 14. Nxe4 Bxe4 15. Rxd8+ Rxd8 16. c3 Nc2 17. Bxc2 Bxc2 18. Rc1 Be4 19. Nd2 Bf5 20. Nc4 h5 21. f3 e5 22. g4 hxg4 23. hxg4 Be6 24. Na3 Bxa2 25. Kh2 Rd3 26. Re1 Bd5 27. Kg3 f5 28. gxf5 gxf5 29. Nb5 f4+ 30. Kg4 Rxe3 31. Rxe3 fxe3 32. Kg3 a6 33. Nc7 Bc4 34. Kg2 Bf6 35. Ne8 Bh4 36. Nc7 e2 0-1

[Event "Gatineau Hull CC 28 Ann-B"]
[Site "Gatineau"]
[Date "2007.09.18"]
[Round "2"]
[White "Arsenault, Yves"]
[Black "Berthiaume, Patrick"]
[Result "1-0"]
[WhiteElo "1411"]
[BlackElo "1037"]
[PlyCount "41"]
[EventDate "2007.09.11"]
[EventType "swiss"]
[EventRounds "5"]
[EventCountry "CAN"]
[SourceTitle "EXT 2022"]
[Source "ChessBase"]
[SourceDate "2021.10.06"]
[SourceVersion "1"]
[SourceVersionDate "2021.10.06"]
[SourceQuality "1"]

1. e4 e5 2. Nf3 Nc6 3. Bb5 d6 4. d4 Bd7 5. Nc3 a6 6. Ba4 b5 7. Bb3 Na5 8. dxe5 dxe5 9. Nxe5 Nxb3 10. cxb3 Be6 11. 0-0 Qxd1 12. Rxd1 Bd6 13. Nc6 Kd7 14. Nd4 Nf6 15. f4 Bb4 16. Ndxb5+ Ke7 17. Nxc7 Rac8 18. Nxa6 Bxc3 19. bxc3 Rxc3 20. Ba3+ Ke8 21. Bc5 1-0